|
|
|
|
| LEADER |
02673nam a2200373Ka 4500 |
| 001 |
bslw06300898 |
| 003 |
UtOrBLW |
| 005 |
20101115152719.0 |
| 006 |
m d |
| 007 |
cr un||||||||| |
| 008 |
101115s2003 enk o 000 0 eng d |
| 020 |
|
|
|a 9781849502368 (electronic bk.) :
|c £70.95 ; €102.95 ; $131.95
|
| 040 |
|
|
|a UtOrBLW
|c UtOrBLW
|d GrThAP
|
| 050 |
|
4 |
|a HB615
|b .C64 2003
|
| 072 |
|
7 |
|a KJH
|2 bicssc
|
| 072 |
|
7 |
|a BUS
|2 bicssc
|
| 072 |
|
7 |
|a PSY021000
|2 bisacsh
|
| 080 |
|
|
|a 005.342
|
| 082 |
0 |
4 |
|a 338.04
|2 22
|
| 245 |
0 |
0 |
|a Cognitive approaches to entrepreneurship research
|h [electronic resource] /
|c edited by Jerome A. Katz and Dean A. Shepherd.
|
| 260 |
|
|
|a Bingley, U.K. :
|b Emerald,
|c 2003.
|
| 300 |
|
|
|a 1 online resource (viii, 372 p.).
|
| 490 |
1 |
|
|a Advances in entrepreneurship, firm emergence and growth,
|x 1074-7540 ;
|v v. 6
|
| 505 |
0 |
|
|a Cognitive approaches to entrepreneurship research / Jerome A. Katz, Dean A. Shepherd -- The self-determination motive and entrepreneurs choice of financing / Harry J. Sapienza, M. Audrey Korsgaard, Daniel P. Forbes -- Organizational learning by new ventures : concepts, strategies, and applications / Benyamin Bergmann Lichtenstein, G.T. Lumpkin, Rodney C. Shrader -- Extending the theory of the entrepreneur using a signal detection framework / Jeffery S. McMullen, Dean A. Shepherd -- A transaction cognition theory of global entrepreneurship / Ronald K. Mitchell -- The impact of entrepreneurial experience on opportunity identification and exploitation : habitual and novice entrepreneurs / Deniz Ucbasaran, Mike Wright, Paul Westhead, Lowell W. Busenitz -- Opportunity development : a socio-cognitive perspective / Alice de Koning -- The domain of entrepreneurship research : some suggestions / Per Davidsson -- Entrepreneurial fit : the role of cognitive misfit / Keith H. Brigham, Julio O. de Castro -- The role of regretful thinking, perseverance, and self-efficacy in venture formation / Gideon D. Markman, Robert A. Baron, David B. Balkin.
|
| 520 |
|
|
|a These papers provide an ongoing exploration of the major current theoretical and methodological efforts in the fields of entrepreneurship, small and family business growth and firm emergence and growth.
|
| 650 |
|
7 |
|a Psychology
|x Industrial & Organizational Psychology.
|2 bisacsh
|
| 650 |
|
7 |
|a Entrepreneurship.
|2 bicssc
|
| 650 |
|
0 |
|a Entrepreneurship
|x Research.
|
| 700 |
1 |
|
|a Katz, Jerome A.
|
| 700 |
1 |
|
|a Shepherd, Dean A.
|
| 776 |
1 |
|
|z 9780762310524
|
| 830 |
|
0 |
|a Advances in entrepreneurship, firm emergence and growth ;
|v v. 6.
|
| 856 |
4 |
0 |
|u http://www.emeraldinsight.com/1074-7540/6
|z Full Text via HEAL-Link
|
| 913 |
|
|
|1 BMEbacklist
|